000
00323nam a22001337a 4500
008
171030b xxu||||| |||| 00| 0 eng d
020
_a
9780130265050
041
_a
eng
080
_2
3RD
_a
336
100
_a
57
101
_a
FIN
245
_a
TAKEOVERS, RESTRUCTURING, & CORPORATE GOVERNANCE
_c
WESTON,J,F
942
_2
udc
_c
BK
999
_c
36431
_d
36431